| 000 | 01432nam0a2200325 4500 | ||
|---|---|---|---|
| 001 | RU\NLR\bibl\1386703 | ||
| 005 | 20260405183829.0 | ||
| 010 |
_a978-5-699-31713-4 _95000 |
||
| 021 |
_aRU _b2009-37921 _9216д |
||
| 035 | _a(nilc)RSL-KNO-004337831 | ||
| 035 | _a(NLR Aleph) 001378764 | ||
| 090 |
_a1088491 _c1088491 |
||
| 100 | _a20090515d2009 |||y0rusy50 ca | ||
| 101 | 1 |
_arus _ceng |
|
| 102 | _aRU | ||
| 105 | _ay ||||||||| | ||
| 200 | 1 |
_aСуши для начинающих _e[роман] _fМэриан Кейз _g[пер. с англ. А. Виноградовой] |
|
| 210 |
_aМосква _cЭксмо _aСанкт-Петербург _cДомино _d2009 |
||
| 215 |
_a538, [1] с. _d22 |
||
| 225 | 1 | _aЖизнь и любовь | |
| 610 | 2 | _aФилологические науки. Художественная литература -- США -- Американская литература -- с 1945 г. -- Произведения художественной литературы -- Художественная проза -- Романы. Повести. Рассказы | |
| 686 |
_aШ5(7США)62-644 _2rubbk |
||
| 686 | _aШ6(4И)167-440.4{Лх1328} | ||
| 700 | 1 |
_4070 _8rus _7ca _aКайз _bМ. _f1963- _gМэриан _3RU\NLR\auth\7780386 _963314 |
|
| 801 | 0 |
_aRU _bРГБ _c20090515 _grcr |
|
| 801 | 1 |
_aRU _bРГБ _c20090515 |
|
| 801 | 2 |
_aRU _bNLR _c20090625 _grcr |
|
| 942 | _cBOOK | ||
| 980 | _aNB | ||